00612nam a2200181Ia 4500008004100000020001400041040001800055041000800073100002200081245007200103260004200175300002500217504005300242650002300295650003500318650004600353650003100399130821s2003 enkab gr eng  a415297176 aCo-BoUCMbspa00aeng1 aLim, Robynd1947-14aThe geopolitics of East Asia the search for equilibriumcRobyn Lim aLondres (Inglaterra)bRoutledgec2003 a198 páginasbmapas aIncluye referencias bibliográficas e índice.04aCiencia política04aGeopolíticazExtremo Oriente04aPolítica internacionalzExtremo Oriente04aRelaciones internacionales